000 00565nam a2200193Ia 4500
003 GCL
008 140319s9999 xx 000 0 ara d
040 _aGCL /
_cGCL
082 0 4 _a813.01
_bب ا
100 1 _aبدر الديب
245 1 0 _aاجازة تفرغ /
_cبدر الديب
260 _a[S.N] :
_bدار المسيرة للنشر والتوزيع والطباعة ،
_c1990
300 _a206 ص
490 _a
650 0 4 _aالادب العربى
650 0 4 _aالقصص العربية
650 0 4 _aالقصص القصيرة
942 _2ddc
_cBK
999 _c54294
_d54294